| 000 | 00608nam a2200241 a 4500 | ||
|---|---|---|---|
| 001 | nice12345678 | ||
| 003 | IN_TiNIC | ||
| 005 | 20260116014012.0 | ||
| 008 | 050524s2004 newa grp 000 0 eng | ||
| 020 |
_a0142151 _c250 |
||
| 082 | 0 | 0 |
_a954.04 _bVER |
| 100 | _aVerma, Meenakshie | ||
| 245 |
_aAfter Math _b an Oral History of Violence |
||
| 260 |
_aNew Delhi _bPenguin Books _c2004 |
||
| 300 | _a178p | ||
| 500 | _aincludes index and biblioraphy | ||
| 505 | 2 | _aIndex | |
| 650 | _aPartition of India | ||
| 700 | 1 | _aVerma, Meenakshie | |
| 902 | _bSRS | ||
| 942 | _cBK | ||
| 999 |
_c13447 _d13447 |
||